000 00307nam a22001337a 4500
008 171012b xxu||||| |||| 00| 0 eng d
020 _a9780767418126
041 _aeng
080 _22ND
_a316
100 _a50
101 _aSOC
245 _aTHE SOCIOLOGICALLY EXAMINED LIFE
_cSCHWALBE,M
942 _2udc
_cBK
999 _c33487
_d33487